Statistics for Famous Robots and Aliens Quiz

Click here to take the quiz!

General Stats

  • This quiz has been taken 26,080 times
    (19,403 since last reset)
  • The average score is 15 of 25

Answer Stats

ClueRobot/Alien% Correct
The brave Star Wars droidR2-D2
97%
He phoned homeE.T.
95%
The not-so-brave Star Wars droidC-3PO
91%
Green Jedi who speaks with unusual syntaxYoda
88%
Pixar robot that waits for humans to return to EarthWall-E
85%
Well-known wookieeChewbacca
85%
"Live long and prosper"Spock
80%
Cyborg police officerRoboCop
75%
Leader of the AutobotsOptimus Prime
70%
His real name is Kal-ElSuperman
70%
Futurama robotBender
67%
Mindy's roommateMork
57%
Leader of the evil DecepticonsMegatron
55%
Jamaican Star Wars alien?Jar Jar Binks
55%
Looney Tunes MartianMarvin
54%
1980's TV alienAlf
54%
Android officer of the USS EnterpriseData
49%
Liquid metal TerminatorT-1000
41%
iRobot that vacuums your floorsRoomba
40%
Sexy killer Austin Powers robotsFembots
35%
Klingon officer of the USS EnterpriseWorf
35%
Beldar and family of Saturday Night LiveConeheads
34%
Merciless enemy of Flash GordonMing
29%
Battlestar Galactica robotsCylons
28%
Jetson family housekeeperRosie
25%

Score Distribution

Percentile by Number Answered

Percent of People with Each Score

Your Score History

You have not taken this quiz since the last reset